| 000 | 00917cam a2200217 a 4500 | ||
|---|---|---|---|
| 020 | _a0387174532 (U.S.) | ||
| 082 | 0 | 0 |
_a620.1064 _bBOU _cL-5, P-17 |
| 245 | 0 | 0 |
_aBoundary-layer separation : _bproceedings of the IUTAM Symposium, London, August 26-28, 1986 / _cF.T. Smith, S.N. Brown, eds. |
| 260 |
_aBerlin ; _aNew York : _bSpringer-Verlag, _cc1987. |
||
| 300 |
_axvi, 412 p. : _bill. ; _c24 cm. |
||
| 500 | _aAt head of title: International Union of Theoretical and Applied Mechanics. | ||
| 500 | _aProceedings of the IUTAM Symposium on Boundary-Layer Separation. | ||
| 526 |
_a0 _b0 _c0 _d620_106400000000000_BOU |
||
| 650 | 0 |
_aFluid dynamics _xCongresses. _939956 |
|
| 650 | 0 |
_aMCE _9379 |
|
| 650 | 0 |
_aTurbulent boundary layer _xCongresses. _940711 |
|
| 700 | 1 |
_aBrown, S. N. _940712 |
|
| 700 | 1 |
_aSmith, F. T. _940713 |
|
| 710 | 2 |
_aInternational Union of Theoretical and Applied Mechanics. _940714 |
|
| 942 |
_2ddc _cBK |
||
| 999 |
_c544969 _d544969 |
||